[Event "Tourn. n8299"]
[Site "www.chess-mail.com"]
[Date "2015.08.16"]
[Round "1"]
[White "Hundegana"]
[Black "Guidom"]
[WhiteElo "1950"]
[BlackElo "2070"]
[Result "1/2-1/2"]
[Round "1"]
1.e4 e5
2.Ng1f3 Nb8c6
3.Bf1b5 Ng8f6
4.Bb5xc6 dxc6
5.d3 Bc8g4
6.h3 Bg4h5
7.g4 Bh5g6
8.Nb1d2 Bf8d6
9.a3 O-O
10.Nd2f1 Qd8e7
11.c3 Bd6c5
12.Bc1e3 Rf8d8
13.Qd1e2 Bc5xe3
14.Qe2xe3 b6
15.Nf1g3 c5
16.Ng3f5 Bg6xf5
17.exf5 Nf6d5
18.Qe3d2 e4
19.dxe4 Qe7xe4
20.Qd2e2 Qe4f4
21.O-O Rd8e8
22.Qe2d1 Re8e3
23.Qd1xd5 Qf4xf3
24.Qd5xf3 Re3xf3
25.Kg2 Rf3d3
26.Ra1d1 Ra8d8
27.Rd1xd3 Rd8xd3
28.Rf1e1 Kf8
29.Re1e2 c4
30.f3 a5
31.Kg3 h6
32.Kf4 f6
33.h4 Kf7
34.Ke4 a4
35.f4 Rd3d8
36.Kf3 Rd8d3
37.Re2e3 Rd3d2
38.Re3e4 b5
39.Re4e2 Rd2d1
40.g5 Rd1d5
41.Kg4 hxg5
42.fxg5 fxg5
43.hxg5 c5
44.Kf4 Rd5d3
45.Ke5 Ke7
46.f6 gxf6
47.gxf6 Kf7
48.Re2f2 Rd3d1
49.Ke4 Rd1d6
50.Rf2f5 Rd6xf6
51.Rf5xf6 Kxf6
52.Kd5 b4
53.axb4 cxb4
54.Kxc4 bxc3
55.Kxc3 a3
56.bxa3 Ke6
57.Kb4 Kd6
58.Kb5 Kc7
59.Ka6 Kb8
60.Kb6 Ka8
61.a4 Kb8
62.Ka6 Ka8
63.a5 Kb8
64.Kb6 Ka8
65.a6 Kb8
{ draw }
1/2-1/2

[Event "Tourn. n8260"]
[Site "www.chess-mail.com"]
[Date "2015.08.16"]
[Round "1"]
[White "Awfen"]
[Black "Generalfree"]
[WhiteElo "1890"]
[BlackElo "1780"]
[Result "1-0"]
[Round "1"]
1.e4 c5
2.Bf1c4 e6
3.Ng1f3 a6
4.a3 b5
5.Bc4a2 Qd8e7
6.O-O Bc8b7
7.d3 h6
8.Nb1d2 d6
9.c3 Nb8d7
10.a4 Bb7c6
11.axb5 axb5
12.b3 e5
13.Bc1b2 Ng8f6
14.b4 Nf6h5
15.h3 Nh5f4
16.Qd1c2 g5
17.Rf1e1 Bf8g7
18.Nd2f1 O-O
19.Nf3h2 Ra8c8
20.Nh2g4 cxb4
21.Kh2 bxc3
22.Bb2xc3 h5
23.Ng4e3 Qe7f6
24.Qc2d1 Rc8b8
25.g3 Nf4g6
26.Ne3f5 Nd7c5
27.Re1e3 b4
28.Bc3b2 Nc5a4
29.Ra1b1 g4
30.h4 Na4c5
31.Nf1d2 Rb8b5
32.Ba2c4 Rb5a5
33.Bb2a1 Bc6a4
34.Bc4b3 Ba4xb3
35.Nd2xb3 Nc5xb3
36.Qd1xb3 Rf8b8
37.Kg2 Ra5a3
38.Qb3d5 Bg7f8
39.f3 Ng6e7
40.Qd5xd6 Qf6xd6
41.Nf5xd6 Ne7g6
42.Nd6c4 Ra3a2
43.Ba1b2 Bf8c5
44.Re3e2 gxf3
45.Kxf3 f6
46.Bb2c1 Ra2xe2
47.Kxe2 Ng6e7
48.Bc1e3 Bc5xe3
49.Kxe3 { resign }
1-0

[Event "Tourn. n8347"]
[Site "www.chess-mail.com"]
[Date "2015.08.16"]
[Round "1"]
[White "Panamski"]
[Black "Generalfree"]
[WhiteElo "2080"]
[BlackElo "1900"]
[Result "1-0"]
[Round "1"]
1.c4 f5
2.d4 c6
3.Ng1f3 e6
4.a3 b5
5.e3 b4
6.axb4 Bf8xb4
7.Bc1d2 Bb4xd2
8.Qd1xd2 Ng8f6
9.Nb1c3 { resign }
1-0

[Event "Tourn. n8339"]
[Site "www.chess-mail.com"]
[Date "2015.08.16"]
[Round "1"]
[White "Jpjohnston"]
[Black "Culiflori"]
[WhiteElo "1970"]
[BlackElo "1920"]
[Result "1-0"]
[Round "1"]
1.g3 d5
2.Bf1g2 Ng8f6
3.d4 e6
4.Bc1f4 Bf8d6
5.Bf4xd6 Qd8xd6
6.Ng1f3 O-O
7.O-O c5
8.Nb1c3 Nb8c6
9.Nc3b5 Qd6e7
10.e3 Bc8d7
11.b3 a6
12.Nb5c3 Ra8c8
13.a3 cxd4
14.exd4 Rf8e8
15.Qd1d3 h6
16.Nc3a4 Nf6e4
17.Nf3d2 Ne4xd2
18.Qd3xd2 Qe7f6
19.Na4c5 Re8d8
20.Nc5xb7 Rd8e8
21.Nb7d6 { resign }
1-0

[Event "Tourn. n8347"]
[Site "www.chess-mail.com"]
[Date "2015.08.16"]
[Round "1"]
[White "Bojan"]
[Black "Generalfree"]
[WhiteElo "1910"]
[BlackElo "1900"]
[Result "1-0"]
[Round "1"]
1.e4 e5
2.Ng1f3 Ng8f6
3.Bf1c4 Nf6xe4
4.Qd1e2 d5
5.Bc4b3 f6
6.a3 Nb8c6
7.d3 Ne4c5
8.Bb3a2 { resign }
1-0

[Event "Tourn. n8347"]
[Site "www.chess-mail.com"]
[Date "2015.08.16"]
[Round "1"]
[White "Generalfree"]
[Black "Mitja"]
[WhiteElo "1900"]
[BlackElo "1780"]
[Result "0-1"]
[Round "1"]
1.Ng1f3 d5
2.c4 dxc4
3.Qd1a4 c6
4.Qa4xc4 e6
5.e4 Ng8f6
6.Nb1c3 Nb8d7
7.d4 Nd7b6
{ resign }
0-1

[Event "Match"]
[Site "www.echecsemail.com"]
[Date "2015.08.16"]
[Round "1"]
[White "Joseph1983"]
[Black "Gegonz"]
[WhiteElo "2220"]
[BlackElo "1970"]
[Result "1-0"]
[Round "1"]
1.Ng1f3 c5
2.e4 d6
3.d4 cxd4
4.Nf3xd4 Ng8f6
5.Nb1c3 Nb8c6
6.Bc1e3 Bc8d7
7.Bf1c4 e6
8.f3 Bf8e7
9.Qd1d2 O-O
10.O-O-O a6
11.a3 b5
12.Bc4a2 Qd8c7
13.g4 d5
14.exd5 exd5
15.Nc3xd5 Nf6xd5
16.Ba2xd5 Rf8d8
17.Bd5xc6 Bd7xc6
18.Qd2c3 Ra8c8
19.Nd4xc6 Qc7xc6
20.Rd1xd8 Be7xd8
21.Qc3xc6 Rc8xc6
22.Rh1d1 Rc6c8
23.Rd1d6 Rc8a8
24.Rd6c6 a5
25.c4 bxc4
26.Rc6xc4 h6
27.b4 axb4
28.axb4 g5
29.b5 Ra8b8
30.Rc4b4 Bd8b6
31.Be3xb6 Rb8xb6
32.Kc2 Kf8
33.Kc3 Ke7
34.Rb4e4 Kd6
35.Kb4 f6
36.h3 Kd5
37.Ka5 Kc5
38.Re4c4 { resign }
1-0

[Event "Match"]
[Site "www.echecsemail.com"]
[Date "2015.08.16"]
[Round "1"]
[White "Pariolinius"]
[Black "Ztornad"]
[WhiteElo "1790"]
[BlackElo "1780"]
[Result "0-1"]
[Round "1"]
1.d4 d5
2.Bc1f4 Nb8c6
3.Ng1f3 f6
4.e3 Bc8f5
5.Bf1e2 Ng8h6
6.Nb1d2 Nh6g4
7.h3 Ng4h6
8.O-O Qd8d7
9.Kh2 e5
10.dxe5 fxe5
11.Nf3xe5 Nc6xe5
12.Bf4xe5 Bf8d6
13.f4 O-O
14.Be2f3 c6
15.Be5xd6 Qd7xd6
16.g3 Qd6d7
17.g4 Bf5g6
18.f5 Qd7d6
19.Kg2 Bg6f7
20.g5 Nh6xf5
21.Qd1e1 Ra8e8
22.Qe1f2 Nf5xe3
{ resign }
0-1

[Event "Match"]
[Site "www.echecsemail.com"]
[Date "2015.08.16"]
[Round "1"]
[White "Generalfree"]
[Black "Jjmcbride"]
[WhiteElo "1780"]
[BlackElo "1880"]
[Result "1/2-1/2"]
[Round "1"]
1.d4 d5
2.Ng1f3 Nb8c6
3.h3 Ng8f6
4.e3 Qd8d6
5.a3 e5
6.dxe5 Nc6xe5
7.Nf3xe5 Qd6xe5
8.Bf1e2 Qe5g5
9.g3 Nf6e4
10.Rh1g1 Bc8xh3
11.f4 Qg5d8
12.Be2f3 Bf8d6
13.Nb1c3 c6
14.Bf3xe4 dxe4
15.Nc3xe4 Bd6c7
16.Qd1xd8 Ra8xd8
17.Ne4g5 Bh3g4
18.Bc1d2 f6
19.Ng5e4 O-O
20.Ne4c5 b6
21.Nc5e4 Bg4f5
22.Ne4c3 Bf5xc2
23.Ra1c1 Bc2d3
24.Nc3a2 c5
25.Na2c3 b5
26.Nc3xb5 Bd3xb5
27.Rc1xc5 Bc7xf4
28.gxf4 Bb5d3
29.Rc5c7 a6
30.Rg1xg7 Kh8
31.Kf2 Rd8c8
32.Rc7xc8 Rf8xc8
33.Rg7g1 Rc8c2
34.Rg1d1 Rc2xb2
35.Kf3 Bd3g6
36.Bd2c3 Bg6h5
37.Ke4 Bh5xd1
38.Bc3xf6 Kg8
39.Bf6xb2 Bd1c2
40.Kf3 Kf7
41.Kg4 { draw }
1/2-1/2

[Event "Match"]
[Site "www.echecsemail.com"]
[Date "2015.08.16"]
[Round "1"]
[White "Paco"]
[Black "Coraza"]
[WhiteElo "1820"]
[BlackElo "1789"]
[Result "1-0"]
[Round "1"]
1.e4 e5
2.Ng1f3 Nb8c6
3.d4 Ng8f6
4.d5 Nc6e7
5.Nf3xe5 d6
6.Bf1b5 Bc8d7
7.Ne5xd7 Nf6xd7
8.Nb1c3 a6
9.Bb5xd7 Qd8xd7
10.Bc1e3 g6
11.O-O Bf8g7
12.f4 Bg7xc3
13.bxc3 Ne7g8
14.Be3d4 f6
15.c4 O-O-O
16.e5 fxe5
17.fxe5 dxe5
18.Bd4xe5 Ng8e7
19.Be5xh8 Rd8xh8
20.Qd1d4 Rh8e8
21.Qd4a7 Kd8
22.Qa7xb7 Ne7f5
23.Qb7xa6 Nf5e3
24.Qa6a8 Ke7
25.Qa8a3 Kd8
26.Ra1b1 Qd7c8
27.Rf1f8 Kd7
28.Qa3a4 Ke7
29.Rf8xe8 Qc8xe8
30.Qa4xe8 Kxe8
31.Rb1e1 { resign }
1-0

[Event "Match"]
[Site "www.echecsemail.com"]
[Date "2015.08.16"]
[Round "1"]
[White "Pinehill"]
[Black "Coraza"]
[WhiteElo "1820"]
[BlackElo "1789"]
[Result "1-0"]
[Round "1"]
1.e4 e5
2.d4 exd4
3.c3 dxc3
4.Bf1c4 Qd8e7
5.Nb1xc3 Ng8f6
6.Bc1g5 h6
7.Bg5xf6 gxf6
8.Ng1f3 f5
9.O-O f4
10.Nc3d5 Qe7d8
11.Qd1d4 Rh8g8
12.Nd5f6 Ke7
13.Qd4e5 { resign }
1-0

[Event "Match"]
[Site "www.echecsemail.com"]
[Date "2015.08.16"]
[Round "1"]
[White "Bojan"]
[Black "Mitja"]
[WhiteElo "1940"]
[BlackElo "1760"]
[Result "0-1"]
[Round "1"]
1.e4 d5
2.exd5 Qd8xd5
3.Nb1c3 Qd5d8
4.Qd1f3 e6
5.Bf1d3 c6
6.b3 Ng8f6
7.Bc1b2 Nb8d7
8.Ng1e2 Nd7b6
9.Ne2g3 Qd8d4
10.Nc3a4 Qd4d8
11.Na4xb6 axb6
12.O-O Bf8e7
13.Ng3h5 Nf6xh5
14.Qf3xh5 Be7f6
15.Bb2xf6 Qd8xf6
16.a4 Ra8a5
17.Qh5e2 h6
18.Qe2e3 b5
19.Qe3c5 Ra5a8
20.a5 Qf6d8
21.b4 Qd8e7
22.Qc5d4 O-O
23.Qd4e4 g6
24.Qe4f4 Kg7
25.c3 Qe7g5
26.Qf4d4 Kg8
27.Bd3e2 Rf8d8
28.Qd4e3 Rd8xd2
29.Qe3xg5 hxg5
30.Be2f3 Rd2d8
31.Ra1d1 Bc8d7
32.Rd1d3 Bd7e8
33.Rf1d1 Rd8xd3
34.Rd1xd3 Kf8
35.Rd3d4 Ke7
36.Kf1 Ra8d8
37.Rd4xd8 Kxd8
38.Ke2 f5
39.Ke3 Ke7
40.Kd4 Kd6
41.Bf3e2 e5
42.Kd3 Be8f7
43.h3 Bf7c4
44.Kd2 Bc4xe2
45.Kxe2 Kd5
46.Ke3 f4
47.Kd2 Kc4
48.f3 c5
49.bxc5 Kxc5
50.Kd3 b4
51.c4 b3
52.Kc3 b2
53.Kxb2 Kxc4
54.Kc2 Kb5
55.a6 bxa6
56.Kb3 a5
57.Ka3 a4
58.Kb2 Kb4
59.Ka2 a3
60.Ka1 Kb3
61.Kb1 a2
62.Ka1 Ka3
63.g4 e4
64.h4 exf3
65.hxg5 Ka4
{ resign }
0-1

[Event "Match"]
[Site "www.echecsemail.com"]
[Date "2015.08.16"]
[Round "1"]
[White "Generalfree"]
[Black "Whitekknight"]
[WhiteElo "1900"]
[BlackElo "1910"]
[Result "0-1"]
[Round "1"]
1.Ng1f3 Ng8f6
2.c4 c6
3.e3 d5
4.Nb1c3 e6
5.d4 Bf8b4
6.Bc1d2 O-O
7.a3 Bb4xc3
8.Bd2xc3 Nf6e4
{ resign }
0-1

[Event "Match"]
[Site "www.echecsemail.com"]
[Date "2015.08.16"]
[Round "1"]
[White "Ditto"]
[Black "Coraza"]
[WhiteElo "1830"]
[BlackElo "1649"]
[Result "1/2-1/2"]
[Round "1"]
1.d4 d5
2.Ng1f3 Ng8f6
3.Bc1g5 h6
4.Bg5xf6 gxf6
5.e3 Bc8g4
6.Bf1e2 h5
7.Nb1d2 c6
8.h3 Bg4xf3
9.Be2xf3 h4
10.Bf3g4 e6
11.Qd1e2 f5
12.Bg4f3 Qd8a5
13.O-O Bf8b4
14.Nd2b3 Qa5b6
15.c3 Bb4d6
16.Ra1b1 Qb6c7
17.c4 Rh8g8
18.Rb1c1 Nb8a6
19.c5 Bd6h2
20.Kh1 Qc7b8
21.Nb3a5 Bh2c7
22.Na5b3 Na6b4
23.a3 Nb4a6
24.Nb3d2 Ke7
25.Rf1g1 Bc7h2
26.Rg1f1 b6
27.Rf1e1 Bh2c7
28.Nd2b3 b5
29.a4 Bc7d8
30.Qe2d2 bxa4
31.Nb3a5 Bd8xa5
32.Qd2xa5 Na6c7
33.Qa5c3 a5
34.Rc1a1 Nc7b5
35.Qc3c2 Nb5c7
36.Ra1xa4 Rg8g6
37.Bf3h5 Rg6g5
38.Bh5f3 Nc7b5
39.Qc2d2 Qb8g8
40.Ra4xa5 Kf6
41.Re1g1 Kg6
42.Ra5xa8 Qg8xa8
43.Bf3d1 Kf6
44.Qd2e1 Qa8a2
45.b3 Nb5c7
46.Rg1f1 Qa2b1
47.Qe1a5 Nc7b5
48.Qa5d8 Kg7
49.Qd8xg5 Kf8
50.Qg5xh4 Qb1d3
51.Qh4d8 Kg7
52.b4 Qd3xf1
53.Kh2 Qf1xd1
54.Qd8g5 Kf8
55.Qg5d8 { draw }
1/2-1/2

[Event "Match"]
[Site "www.echecsemail.com"]
[Date "2015.08.16"]
[Round "1"]
[White "Markos123"]
[Black "Jpjohnston"]
[WhiteElo "1880"]
[BlackElo "1920"]
[Result "0-1"]
[Round "1"]
1.e3 d5
2.c4 Ng8f6
3.Nb1a3 e5
4.Bf1d3 Bf8xa3
5.bxa3 O-O
6.Qd1f3 e4
7.Bd3xe4 dxe4
8.Qf3g3 Bc8e6
9.Bc1b2 Nb8d7
10.Ng1e2 Nd7c5
11.O-O Be6xc4
12.Rf1c1 Nf6h5
13.Qg3e5 Bc4xe2
14.Qe5xc5 Qd8xd2
15.Bb2c3 Qd2d6
16.Bc3d4 Qd6xc5
17.Bd4xc5 Rf8e8
18.h3 b6
19.Bc5b4 c5
20.Bb4c3 Ra8d8
21.Rc1e1 Be2c4
22.g4 Nh5f6
23.Bc3xf6 gxf6
24.a4 Bc4e6
25.a5 Rd8d2
26.axb6 axb6
27.a4 Re8a8
28.Re1b1 Rd2a2
29.Ra1xa2 Be6xa2
30.Rb1a1 Ra8xa4
31.Kg2 b5
32.f3 exf3
33.Kxf3 Ba2d5
34.e4 Bd5xe4
35.Ke3 Ra4xa1
36.Kxe4 Ra1d1
37.Ke3 b4
{ resign }
0-1

[Event "Match"]
[Site "www.echecsemail.com"]
[Date "2015.08.16"]
[Round "1"]
[White "Hundegana"]
[Black "Generalfree"]
[WhiteElo "1950"]
[BlackElo "1860"]
[Result "1-0"]
[Round "1"]
1.e4 e5
2.Ng1f3 Ng8f6
3.Nf3xe5 d6
4.Ne5c4 Nf6xe4
5.Qd1e2 Qd8e7
6.d3 Ne4c5
7.Qe2xe7 Bf8xe7
8.b4 Nc5e6
9.Bf1e2 Ne6d4
10.Be2d1 b5
11.Nc4e3 O-O
12.c3 Nd4f5
13.Ne3xf5 Bc8xf5
14.Bd1c2 g6
15.O-O Be7f6
16.Bc1b2 Nb8a6
17.a3 c5
18.Nb1d2 d5
19.Ra1b1 c4
20.Rb1e1 { resign }
1-0

[Event "Match"]
[Site "www.echecsemail.com"]
[Date "2015.08.16"]
[Round "1"]
[White "Generalfree"]
[Black "Guidom"]
[WhiteElo "1860"]
[BlackElo "2120"]
[Result "0-1"]
[Round "1"]
1.d4 d5
2.Nb1c3 c6
3.Bc1f4 Ng8f6
4.f3 Bc8f5
5.Qd1d2 e6
6.g4 Bf5g6
7.h4 h6
8.h5 Bg6h7
9.g5 hxg5
10.Bf4xg5 Bf8e7
11.e4 dxe4
12.Nc3xe4 Bh7xe4
13.Bg5xf6 Be7xf6
14.fxe4 Bf6xd4
{ resign }
0-1

[Event "Match"]
[Site "www.echecsemail.com"]
[Date "2015.08.16"]
[Round "1"]
[White "Calponas"]
[Black "Generalfree"]
[WhiteElo "2040"]
[BlackElo "1940"]
[Result "1-0"]
[Round "1"]
1.e4 e5
2.Ng1f3 Ng8f6
3.d4 exd4
4.Bf1c4 Nf6xe4
5.Qd1xd4 Qd8e7
6.O-O f5
7.Rf1e1 c5
8.Qd4e3 a6
9.Nb1d2 b5
10.Bc4d5 Nb8c6
11.Nd2xe4 fxe4
12.Bd5xe4 Bc8b7
13.b3 O-O-O
14.Bc1b2 Rd8e8
15.Ra1d1 { resign }
1-0

[Event "Match"]
[Site "www.echecsemail.com"]
[Date "2015.08.16"]
[Round "1"]
[White "Gambitmiau"]
[Black "Vitoriccardo"]
[WhiteElo "1890"]
[BlackElo "1750"]
[Result "0-1"]
[Round "1"]
1.e4 e6
2.d4 d5
3.e5 c5
4.c4 cxd4
5.Qd1xd4 Nb8c6
6.Qd4d3 Nc6xe5
7.Qd3b3 dxc4
8.Qb3b5 Ne5c6
9.Qb5xc4 Ng8f6
10.Bc1g5 Bf8e7
11.Nb1c3 O-O
12.Ra1d1 Qd8b6
13.b3 h6
14.Bg5e3 Qb6a5
15.Ng1f3 Nf6d5
16.Be3d2 Nd5xc3
17.Bd2xc3 Be7b4
18.Bc3xb4 Qa5xb4
19.Qc4xb4 Nc6xb4
20.Rd1d2 b6
21.Bf1c4 Bc8b7
22.O-O Ra8d8
23.Rf1d1 Rd8xd2
24.Rd1xd2 Nb4d5
25.Nf3e5 Rf8c8
26.h3 Nd5f4
27.Kh2 Bb7xg2
28.Kg3 g5
29.Rd2d7 Bg2xh3
30.Ne5xf7 e5
31.Nf7d6 Rc8xc4
32.Nd6xc4 Bh3xd7
33.Nc4xe5 Bd7f5
34.Ne5g4 Bf5xg4
35.Kxg4 Kg7
36.Kf5 Nf4d3
37.f3 Nd3c1
{ resign }
0-1

[Event "1/64 Finale"]
[Site "www.chess-mail.com"]
[Date "2015.08.16"]
[Round "1"]
[White "Gatrooper"]
[Black "Jhw"]
[WhiteElo "1510"]
[BlackElo "2380"]
[Result "0-1"]
[Round "1"]
1.e4 c5
2.c4 Nb8c6
3.Ng1f3 e6
4.Nb1c3 a6
5.a3 g6
6.h3 Bf8g7
7.d3 f5
8.e5 Nc6xe5
9.Nf3xe5 Bg7xe5
10.Bc1e3 Qd8a5
11.Be3d2 b5
12.Nc3xb5 Qa5b6
13.Bf1e2 axb5
14.cxb5 Be5xb2
15.Ra1b1 Qb6xb5
16.d4 Qb5b8
17.Bd2c1 Bb2c3
18.Bc1d2 Bc3xd2
19.Qd1xd2 Qb8xb1
20.Be2d1 Ra8xa3
21.O-O Qb1e4
22.Bd1f3 Ra3xf3
23.gxf3 Qe4xf3
24.Qd2e3 Qf3xe3
25.fxe3 cxd4
26.exd4 Ng8f6
27.Rf1c1 O-O
28.h4 d6
29.Rc1c6 Nf6e4
30.Kf1 e5
31.d5 Bc8b7
32.Rc6b6 Bb7xd5
33.Ke2 f4
34.Kf3 h5
35.Rb6b5 Ne4c5
36.Kf2 e4
37.Rb5b6 e3
38.Ke2 f3
39.Kxe3 f2
40.Rb6b1 f1Q
41.Rb1xf1 Rf8xf1
42.Ke2 Rf1h1
43.Kf2 Rh1xh4
44.Kg3 g5
45.Kf2 g4
46.Kg3 Rh4h3
47.Kf4 g3
48.Ke3 g2
{ resign }
0-1

[Event "Fast Game"]
[Site "www.echecsemail.com"]
[Date "2015.08.16"]
[Round "1"]
[White "Mitja"]
[Black "Bojan"]
[WhiteElo "1660"]
[BlackElo "1619"]
[Result "1-0"]
[Round "1"]
1.d4 g6
2.e3 Bf8g7
3.Ng1f3 d6
4.c3 c6
5.Nb1a3 Bc8e6
6.Bf1d3 Nb8d7
7.h3 Qd8b6
8.Na3c4 Qb6c7
9.Nc4a3 c5
10.dxc5 Nd7xc5
11.Bd3c2 a6
12.Qd1e2 Ng8f6
13.O-O Nc5e4
14.Nf3d2 Be6d5
15.Nd2xe4 Nf6xe4
16.Bc2b3 Bd5xb3
17.axb3 d5
18.Na3c2 Bg7e5
19.Nc2d4 O-O
20.Nd4f3 Be5f6
21.Nf3d4 Bf6e5
22.Bc1d2 Be5d6
23.Nd4f3 Qc7d7
24.Rf1d1 g5
25.Nf3d4 h6
26.Bd2e1 e5
27.Nd4c2 f5
28.f3 Ne4f6
29.Be1f2 Kh7
30.b4 Qd7e6
31.Kf1 e4
32.Nc2d4 Qe6e5
33.Bf2g1 Nf6h5
34.Qe2f2 Qe5f6
35.Ra1a5 Nh5g3
36.Ke1 Ng3h5
37.Qf2e2 f4
38.fxe4 dxe4
39.Qe2xh5 f3
40.Ra5f5 Qf6g6
41.Rf5xg5 Qg6xh5
42.Rg5xh5 Rf8g8
43.Kf2 Bd6g3
44.Kf1 fxg2
45.Kxg2 Rg8g6
46.Rh5f5 b6
47.Bg1h2 Bg3h4
48.Kh1 Ra8g8
49.Rf5f7 Kh8
50.Bh2e5 Rg6g7
51.Be5xg7 { resign }
1-0

[Event "Tourn. n8315"]
[Site "www.chess-mail.com"]
[Date "2015.08.17"]
[Round "1"]
[White "Xkafi"]
[Black "Libiesse"]
[WhiteElo "1960"]
[BlackElo "2020"]
[Result "0-1"]
[Round "1"]
1.e4 c5
2.Bf1c4 e6
3.d4 cxd4
4.Qd1xd4 Nb8c6
5.Qd4d3 Ng8f6
6.Bc1g5 Qd8a5
7.Bg5d2 Nc6b4
8.Qd3b3 Nf6xe4
9.a3 Ne4xd2
10.Nb1xd2 Nb4c6
11.Ng1f3 Qa5c7
12.Ra1d1 d5
13.Bc4b5 a6
14.Bb5d3 Bf8e7
15.Qb3c3 Be7f6
16.Qc3b3 b5
17.a4 bxa4
18.Qb3a3 Ra8b8
19.Qa3xa4 a5
20.O-O Rb8b4
21.Qa4a2 Rb4xb2
22.Qa2a3 Nc6b4
23.Bd3b5 Bc8d7
24.Bb5xd7 Kxd7
25.Nd2e4 Qc7xc2
26.Ne4xf6 gxf6
27.Qa3xa5 Nb4c6
28.Qa5a1 Rh8b8
29.Rd1c1 Qc2b3
30.Rc1d1 Rb8g8
31.Nf3h4 Qb3a2
32.Qa1c1 Rb2c2
33.Qc1f4 Rc2c4
34.Qf4xf6 Ke8
35.Rf1e1 Qa2a5
36.Nh4f5 Rc4g4
37.g3 Qa5d8
38.Nf5h6 Qd8xf6
39.Nh6xg8 Rg4xg8
40.Rd1xd5 Qf6c3
41.Rd5d1 Qc3f3
42.Rd1c1 Kd7
43.Rc1b1 Rg8b8
44.Rb1d1 Kc7
45.Rd1c1 Rb8b2
46.Re1f1 Kb6
47.Rc1c4 e5
48.Rc4h4 h5
49.h3 Nc6d4
{ resign }
0-1

[Event "Tourn. n8286"]
[Site "www.chess-mail.com"]
[Date "2015.08.17"]
[Round "1"]
[White "Bojan"]
[Black "Julian"]
[WhiteElo "1890"]
[BlackElo "1920"]
[Result "1/2-1/2"]
[Round "1"]
1.e4 c5
2.Ng1f3 d6
3.d4 cxd4
4.Nf3xd4 Ng8f6
5.Nb1c3 a6
6.Bf1d3 e5
7.Nd4f5 d5
8.exd5 Nf6xd5
9.Nc3xd5 Qd8xd5
10.O-O Nb8c6
11.Rf1e1 Bc8xf5
12.Bd3xf5 Qd5xd1
13.Re1xd1 Ra8d8
14.Bc1e3 Nc6d4
15.Be3xd4 exd4
16.Bf5e4 Bf8c5
17.Be4xb7 O-O
18.Bb7xa6 Rf8e8
19.Ba6d3 Re8e5
20.Bd3c4 g6
21.Kf1 Kg7
22.Rd1d3 Bc5e7
23.Ra1e1 Be7f6
24.Re1xe5 Bf6xe5
25.g3 f5
26.f4 Be5f6
27.c3 dxc3
28.bxc3 Rd8xd3
29.Bc4xd3 Bf6xc3
30.a4 Kf6
31.Bd3c4 h6
32.Kf2 g5
33.fxg5 hxg5
34.h3 Kg6
35.Kf3 Kf6
36.h4 gxh4
37.gxh4 Bc3d2
38.Ke2 Bd2a5
39.Bc4b5 Kg7
40.h5 Kh6
41.Bb5e8 Kg5
42.Kf3 Ba5b4
43.Ke3 Bb4a5
44.Kd3 { draw }
1/2-1/2

[Event "Tourn. n8176"]
[Site "www.chess-mail.com"]
[Date "2015.08.17"]
[Round "1"]
[White "Maredocla"]
[Black "Jjmcbride"]
[WhiteElo "2080"]
[BlackElo "1810"]
[Result "1-0"]
[Round "1"]
1.f4 d5
2.Ng1f3 f6
3.e3 Bc8g4
4.Bf1e2 Nb8c6
5.O-O Qd8d7
6.c3 O-O-O
7.h3 Bg4xh3
8.gxh3 Qd7xh3
9.Nf3h2 Qh3g3
10.Kh1 e5
11.Rf1g1 Qg3h4
12.Qd1e1 Qh4xe1
13.Rg1xe1 e4
14.Nb1a3 Bf8xa3
15.bxa3 h6
16.Be2h5 g5
17.f5 Ng8e7
18.Re1f1 Nc6e5
19.a4 Rd8g8
20.Bc1a3 Ne7c6
21.Ba3c5 g4
22.Rf1g1 g3
23.Nh2f1 b6
24.Bc5d4 Rg8g5
25.Bh5g6 Ne5xg6
26.Bd4xf6 g2
27.Rg1xg2 Rg5h5
28.Kg1 Rh8f8
29.Rg2xg6 Kb7
30.Nf1g3 Rh5h3
31.Kg2 Rf8xf6
32.Kxh3 Rf6f8
33.Rg6xh6 Nc6e5
34.f6 Ne5f7
35.Rh6h5 c5
36.Ng3f5 Ka6
37.Nf5h6 Ka5
38.Nh6xf7 Rf8xf7
39.Ra1f1 Kxa4
40.Rh5g5 Ka3
41.Rg5g7 Rf7f8
42.f7 Kxa2
43.Rg7g8 Rf8xf7
44.Rf1xf7 a5
45.Rf7b7 { resign }
1-0

[Event "Tourn. n8317"]
[Site "www.chess-mail.com"]
[Date "2015.08.17"]
[Round "1"]
[White "Azorau"]
[Black "Iko"]
[WhiteElo "1529"]
[BlackElo "1480"]
[Result "1-0"]
[Round "1"]
1.e4 e5
2.Ng1f3 d5
3.Nf3xe5 dxe4
4.Bf1c4 Qd8d4
5.Bc4xf7 Ke7
6.Qd1h5 g6
7.Qh5h4 Ng8f6
8.Qh4g5 Nb8c6
9.Bf7b3 Qd4xe5
10.Qg5xe5 Nc6xe5
11.d4 Ne5c6
12.Bc1g5 Bf8g7
13.O-O Nc6xd4
14.Rf1e1 Bc8f5
15.Nb1d2 Nd4xb3
16.axb3 h6
17.Nd2xe4 hxg5
18.Ne4xg5 Kd7
19.Ra1d1 Kc6
20.c4 Bf5c2
21.Re1e6 Kc5
22.Re6e5 Kb4
23.Re5b5 
1-0

[Event "Tourn. n8345"]
[Site "www.chess-mail.com"]
[Date "2015.08.17"]
[Round "1"]
[White "Panamski"]
[Black "Mrbabu"]
[WhiteElo "2080"]
[BlackElo "2100"]
[Result "1-0"]
[Round "1"]
1.e4 c5
2.Ng1f3 Nb8c6
3.c4 e5
4.d3 d6
5.Bf1e2 h6
6.h3 Ng8f6
7.Bc1d2 Bf8e7
8.a3 O-O
9.b4 Nc6d4
10.Nf3xd4 cxd4
11.a4 a6
12.O-O Bc8e6
13.Nb1a3 Nf6h7
14.Na3c2 f5
15.Be2f3 f4
16.b5 axb5
17.axb5 b6
18.Nc2b4 Qd8c7
19.Nb4c6 Rf8e8
20.Ra1a4 Ra8xa4
21.Qd1xa4 Be6d7
22.Nc6xe7 Re8xe7
23.Bd2b4 Nh7f6
24.Rf1a1 Nf6e8
25.Qa4a8 Kf7
26.Ra1a7 Qc7c8
27.Qa8d5 Bd7e6
28.Ra7xe7 Kxe7
29.Qd5xe5 Kd7
30.Qe5xe6 Kxe6
31.Bf3g4 { resign }
1-0

[Event "Tourn. n8342"]
[Site "www.chess-mail.com"]
[Date "2015.08.17"]
[Round "1"]
[White "Panham"]
[Black "Sontuozio"]
[WhiteElo "2100"]
[BlackElo "2080"]
[Result "1-0"]
[Round "1"]
1.d4 d5
2.c4 c6
3.Nb1c3 Ng8f6
4.e3 e6
5.Ng1f3 Bf8d6
6.b3 Nb8d7
7.Bc1b2 O-O
{ time. }
1-0

[Event "Tourn. n8338"]
[Site "www.chess-mail.com"]
[Date "2015.08.17"]
[Round "1"]
[White "Andychesston"]
[Black "Luban"]
[WhiteElo "2020"]
[BlackElo "2090"]
[Result "1-0"]
[Round "1"]
1.e4 c5
2.Ng1f3 d6
3.d4 cxd4
4.Nf3xd4 Ng8f6
5.Nb1c3 a6
6.Bf1c4 e6
7.Bc1g5 Bf8e7
8.Qd1f3 Qd8c7
9.O-O Bc8d7
10.Ra1e1 Qc7xc4
11.e5 Nf6d5
12.Bg5xe7 Kxe7
13.Re1e4 Qc4c7
14.exd6 { resign }
1-0

[Event "Match"]
[Site "www.echecsemail.com"]
[Date "2015.08.17"]
[Round "1"]
[White "Ztornad"]
[Black "Paco"]
[WhiteElo "1780"]
[BlackElo "1820"]
[Result "0-1"]
[Round "1"]
1.e4 e5
2.Bf1c4 Ng8f6
3.g4 Nf6xe4
4.Qd1f3 Ne4g5
5.Qf3f5 d5
6.Qf5xe5 Bc8e6
7.Bc4b5 c6
8.Bb5d3 f6
9.Qe5g3 Bf8d6
10.Qg3e3 O-O
11.Bd3f5 Be6xf5
12.gxf5 Rf8e8
13.d4 Re8xe3
14.Bc1xe3 Qd8b6
15.b3 Nb8a6
16.Ng1e2 Ng5f3
17.Kd1 c5
18.dxc5 Bd6xc5
19.Be3f4 Bc5xf2
20.Nb1c3 d4
21.Nc3d5 Qb6c5
22.c4 d3
23.Ne2c3 Qc5a3
24.Bf4c1 Qa3d6
25.Nc3e4 Qd6e5
26.Ne4c3 Qe5d4
27.Bc1b2 Ra8e8
28.Nc3a4 Qd4e4
29.Bb2c3 Qe4e2
30.Kc1 Qe2c2
 { time }
0-1

[Event "Match"]
[Site "www.echecsemail.com"]
[Date "2015.08.17"]
[Round "1"]
[White "Caspito"]
[Black "Pinehill"]
[WhiteElo "1690"]
[BlackElo "1870"]
[Result "1-0"]
[Round "1"]
1.e4 d5
2.e5 c5
3.d4 Nb8c6
4.c3 cxd4
5.cxd4 Bc8f5
6.Bf1b5 e6
7.a3 Bf8e7
8.Ng1f3 Bf5xb1
9.Ra1xb1 Qd8a5
10.b4 Qa5xb5
11.a4 Qb5c4
12.b5 Be7b4
13.Bc1d2 Bb4xd2
14.Nf3xd2 Qc4xd4
15.bxc6 Qd4xe5
16.Qd1e2 Qe5xe2
17.Kxe2 bxc6
18.Rb1b7 c5
19.Rh1b1 c4
20.Rb7c7 Ng8f6
21.Rb1b7 O-O
22.Rb7xa7 Ra8xa7
23.Rc7xa7 Rf8b8
24.h3 c3
25.Nd2b3 h6
26.Nb3c1 Rb8b2
27.Ke3 Rb2b1
28.Nc1d3 Nf6e4
29.a5 f6
30.a6 Kh7
31.Ra7a8 Kg6
32.a7 c2
33.Ra8b8 Rb1a1
34.a8Q Ra1xa8
35.Rb8xa8 e5
36.f3 Ne4c5
37.Nd3c1 d4
38.Kd2 d3
39.Ra8c8 { resign }
1-0

[Event "Eq:Los Tercios-La Taverne : "]
[Site "www.chess-mail.com"]
[Date "2015.08.17"]
[Round "1"]
[White "Lui"]
[Black "Xkafi"]
[WhiteElo "2330"]
[BlackElo "2070"]
[Result "1-0"]
[Round "1"]
1.e4 e5
2.Ng1f3 Nb8c6
3.Bf1b5 Qd8f6
4.Nb1c3 Nc6d4
5.Nf3xd4 exd4
6.Nc3d5 Qf6e5
7.d3 g5
8.f4 Qe5d6
9.fxg5 c6
10.Bc1f4 Qd6c5
11.Nd5c7 Kd8
12.Bb5c4 Bf8d6
13.Bf4xd6 Qc5xg5
14.O-O Ng8h6
15.Nc7xa8 Rh8g8
16.Bd6g3 Nh6g4
17.Qd1f3 Rg8g7
18.Qf3f4 Qg5xf4
19.Bg3xf4 b5
20.Bc4b3 Bc8b7
21.Na8c7 a5
22.a4 b4
23.h3 Ng4e3
24.Bf4xe3 dxe3
25.Rf1xf7 Rg7xf7
26.Bb3xf7 Kxc7
27.Ra1f1 c5
28.Rf1f5 d6
29.Bf7d5 Bb7c8
30.Rf5f7 Kd8
31.Rf7xh7 Bc8d7
32.b3 Bd7e8
33.g4 { resign }
1-0

[Event "Fast Game"]
[Site "www.echecsemail.com"]
[Date "2015.08.17"]
[Round "1"]
[White "Jhw"]
[Black "Katze"]
[WhiteElo "1599"]
[BlackElo "1599"]
[Result "1-0"]
[Round "1"]
1.Ng1f3 d5
2.e3 c5
3.c4 e6
4.d4 Ng8f6
5.Bc1d2 a6
6.cxd5 exd5
7.dxc5 Bf8xc5
8.b4 Bc5e7
9.g3 O-O
10.Bf1g2 Nf6e4
11.a3 Nb8c6
12.Nb1c3 Be7f6
13.Ra1c1 Bc8e6
14.O-O Ne4xd2
15.Qd1xd2 Qd8d7
16.Rf1d1 Rf8d8
17.Nc3a4 Qd7e7
18.Nf3e1  { time }
1-0

[Event "Tourn. n8314"]
[Site "www.chess-mail.com"]
[Date "2015.08.18"]
[Round "1"]
[White "Manolinex"]
[Black "Szustan"]
[WhiteElo "2700"]
[BlackElo "2620"]
[Result "1-0"]
[Round "1"]
1.e4 e5
2.Ng1f3 Nb8c6
3.Bf1b5 a6
4.Bb5a4 Ng8f6
5.O-O Nf6xe4
6.Rf1e1 b5
7.Ba4b3 d5
8.Nb1c3 Ne4xc3
9.dxc3 Bc8e6
10.a4 b4
11.a5 Qd8d6
12.Bb3a4 f6
13.cxb4 Bf8e7
14.Bc1e3 Qd6d7
15.Be3f4 Be7xb4
16.Bf4xe5 Bb4xe1
17.Be5g3 O-O
18.Nf3d4 Be1xf2
19.Kxf2 Be6g4
20.Qd1d2 { resign }
1-0